Λογισμός Πιθανοτήτων (Record no. 1914)
[ view plain ]
| 000 -LEADER | |
|---|---|
| fixed length control field | 01733cam a22002054a 4500 |
| 005 - ΗΜΕΡΟΜΗΝΙΑ ΚΑΙ ΩΡΑ ΤΕΛΕΥΤΑΙΑΣ ΕΝΗΜΕΡΩΣΗΣ | |
| Πεδίο ελέγχου | 20250605164023.0 |
| 008 - FIXED-LENGTH DATA ELEMENTS--GENERAL INFORMATION | |
| Πεδίο ελέγχου σταθερού μήκους | 250528s ||||||||||||||||||||||||d |
| 035 ## - SYSTEM CONTROL NUMBER | |
| System control number | 16413 |
| 020 ## - ISBN | |
| ISBN | 9600101973 |
| 040 ## - ΠΗΓΗ ΚΑΤΑΛΟΓΟΓΡΑΦΗΣΗΣ | |
| Φορέας πρωτότυπης καταλογογράφησης | MC Athens Campus Library |
| Γλώσσα καταλογογράφησης | Ελληνικά, Μοντέρνα (1453-) |
| Modifying agency | MC Athens Campus Library |
| Κανόνες περιγραφικής καταλογογράφησης | AACR2 |
| 245 1# - ΤΙΤΛΟΣ ΚΑΙ ΔΗΛΩΣΗ ΥΠΕΥΘΥΝΟΤΗΤΑΣ | |
| Τίτλος | Λογισμός Πιθανοτήτων |
| 260 ## - PUBLICATION, DISTRIBUTION, ETC. | |
| Name of publisher, distributor, etc. | Gutenberg, |
| Date of publication, distribution, etc. | 1993 |
| 300 ## - PHYSICAL DESCRIPTION | |
| Extent | 194 |
| 520 ## - SUMMARY, ETC. | |
| Summary, etc. | Εισαγωγικές Έννοιες, Στοιχεία Συνδυαστικής, Ενδεχόμενα - Η Έννοια της Πιθανότητας, Πιθανότητες υπό Συνθήκη, Ανεξαρτησία Ενδεχομένων, Τυχαίες Μεταβλητές, Βασικές Έννοιες, Χαρακτηριστικά μιας Τυχαίας Μεταβλητής, Οι Βασικές Κατανομές, Η Κανονική Κατανομή, Η Διωνυμική Κατανομή, Η Κατανομή Poisson, Άλλες Χρήσιμες Ασυνεχείς Κατανομές, Διδιάστατες Κατανομές Πιθανοτήτων, Γενικά για Ζεύγη Μεταβλητών, Χαρακτηριστικά Διδιάστατης Κατανομής, Δεσμευμένες Κατανομές, Πολυδιάστατες Κατανομές - Κατανομές Δειγματοληψίας, Κατανομές Συνόλων Τυχαίων Μεταβλητών, Συναρτήσεις Κ Τυχαίων Μεταβλητών, Γραμμικές Συναρτήσεις Κ Τυχαίων Μεταβλητών, Κατανομές Δειγματοληψίας, Ασκήσεις. |
| 700 1# - ΠΡΟΣΘΕΤΗ ΑΝΑΓΡΑΦΗ--ΦΥΣΙΚΟ ΠΡΟΣΩΠΟ | |
| Personal name | Παπαμιχαηλ Δ |
| 9 (RLIN) | 2505 |
| 700 1# - ΠΡΟΣΘΕΤΗ ΑΝΑΓΡΑΦΗ--ΦΥΣΙΚΟ ΠΡΟΣΩΠΟ | |
| Personal name | Ταμπουρατζής Δ |
| 9 (RLIN) | 2506 |
| 942 ## - ADDED ENTRY ELEMENTS (KOHA) | |
| Koha item type | Books |
| Τύπος τεκμηρίου | Βιβλιοθήκη | Τρέχουσα τοποθεσία | Barcode | Αριθμός εισαγωγής | Ημερομηνία απόκτησης | Ταξιθετικό σύμβολο | Αριθμός αντιτύπου | Κατάσταση απόσυρσης | Κατάσταση χαμένου | Κατάσταση κατεστραμμένου | Μη δανεισμός | Σύνολο δανεισμών | Ημερομηνία τελευταίας εμφάνισης | Η τιμή ισχύει από |
|---|---|---|---|---|---|---|---|---|---|---|---|---|---|---|
| Books | MC Athens Campus Library | MC Athens Campus Library | 9780000019134 | 4117 | 05/06/2025 | 519.2 PAP | 1 | 05/06/2025 | 05/06/2025 |